| 000 | 00519 a2200181 4500 | ||
|---|---|---|---|
| 003 | OSt | ||
| 005 | 20231205115143.0 | ||
| 008 | 231205b |||||||| |||| 00| 0 eng d | ||
| 020 | _a9788122612622 | ||
| 040 | _coclc | ||
| 082 |
_a894.8128 _bZAI/D |
||
| 100 |
_aZaidi, S Hussain _95898 |
||
| 245 |
_aDongriyilninnu Dubayilekku / _cS. Hussain Zaidi |
||
| 250 | _a1st ed. | ||
| 260 |
_aThrissur: _bCurrent Books, _c2015. |
||
| 300 | _a420p. | ||
| 942 |
_2ddc _cBK _h894.8128 _iZAI/D _k894.8128 _mZAI/D |
||
| 999 |
_c43984 _d43984 |
||